[Event "Acropolis Open"]
[Site "Athens GRE"]
[Date "2006.08.20"]
[Round "8"]
[White "Al Sayed,Mohamad"]
[Black "Rozentalis,E"]
[Result "0-1"]
[WhiteElo "2492"]
[BlackElo "2605"]
[EventDate "2006.08.13"]

1. d4 Nf6 2. c4 e6 3. Nf3 b6 4. g3 Bb7 5. Bg2 Be7 6. O-O O-O 7. Re1 h6 8.
Nc3 Ne4 9. Qc2 Nxc3 10. bxc3 f5 11. d5 Na6 12. e4 Nc5 13. exf5 Rxf5 14. Nd4
Rf6 15. Ba3 exd5 16. cxd5 Bd6 17. c4 Qf8 18. Bb2 Rxf2 19. Qxf2 Qxf2+ 20.
Kxf2 Nd3+ 21. Kg1 Nxb2 22. Bf1 Bc5 23. Re4 c6 24. d6 Rf8 25. Rc1 Rf6 26.
Kg2 Bxd4 27. Rxd4 c5+ 28. Rd5 Rxd6 29. Kg1 Bxd5 30. cxd5 Rxd5 31. Rc2 Nd3
0-1

[Event "Acropolis Open"]
[Site "Athens GRE"]
[Date "2006.08.20"]
[Round "8"]
[White "Zysk,R"]
[Black "Solak,D"]
[Result "1/2-1/2"]
[WhiteElo "2474"]
[BlackElo "2564"]
[EventDate "2006.08.13"]

1. Nf3 c5 2. g3 Nc6 3. c4 e5 4. Nc3 g6 5. Bg2 Bg7 6. a3 Nge7 7. Rb1 a5 8.
d3 d6 9. O-O O-O 10. b3 h6 11. Ne1 Be6 12. Nd5 Rb8 13. Nc2 b5 14. Bd2 f5
15. Nxe7+ Nxe7 16. cxb5 Rxb5 17. b4 axb4 18. axb4 cxb4 19. Nxb4 Qb6 20. Be3
Qa5 21. Bd2 Qb6 22. Be3 Qa5 23. Bd2 Rfb8 24. Nd5 Qd8 25. Rxb5 Rxb5 26.
Nxe7+ Qxe7 27. Qa4 Rb2 28. Qa5 Ra2 29. Qb4 Bf8 30. e4 Qf7 31. exf5 Bxf5 32.
Qc3 Bg7 33. Be3 Kh7 34. Qc6 Qd7 35. Qxd7 1/2-1/2

[Event "Acropolis Open"]
[Site "Athens GRE"]
[Date "2006.08.20"]
[Round "8"]
[White "Al Modiahki,M"]
[Black "Erdogdu,M"]
[Result "1/2-1/2"]
[WhiteElo "2564"]
[BlackElo "2386"]
[EventDate "2006.08.13"]

1. e4 e5 2. Nf3 Nc6 3. Bb5 a6 4. Ba4 Nf6 5. d3 b5 6. Bb3 Bc5 7. Nc3 d6 8.
a4 b4 9. Nd5 h6 10. c3 Rb8 11. a5 O-O 12. h3 bxc3 13. bxc3 Rb5 14. Ba4 Rxa5
15. Nxf6+ Qxf6 16. O-O Nb8 17. Bd2 Bd7 18. Bxd7 Rxa1 19. Qxa1 Nxd7 20. Qxa6
Bb6 21. Qb5 Nc5 22. Be3 Qe6 23. Nh4 Qd7 24. Qxd7 Nxd7 25. Bxb6 Nxb6 26. Ra1
Ra8 27. Rxa8+ Nxa8 28. Nf5 Nb6 29. Kf1 h5 30. Ke2 Kf8 31. h4 g6 32. Ne3 Ke7
33. f3 c6 34. g4 hxg4 35. fxg4 Kf6 36. d4 d5 37. exd5 cxd5 38. Kf3 exd4 39.
cxd4 Ke6 40. h5 gxh5 41. gxh5 Nc8 42. Kg4 Ne7 43. h6 Ng8 44. Kg5 Nf6 45.
Ng4 Nh7+ 46. Kf4 Nf8 47. Kg5 Nh7+ 48. Kf4 Nf8 49. Ne5 Kf6 50. Ng4+ 1/2-1/2

[Event "Acropolis Open"]
[Site "Athens GRE"]
[Date "2006.08.20"]
[Round "8"]
[White "Papadopoulos,I"]
[Black "Haznedaroglu,K"]
[Result "1-0"]
[WhiteElo "2285"]
[BlackElo "2454"]
[EventDate "2006.08.13"]

1. e4 e5 2. Nf3 Nc6 3. Bb5 a6 4. Bxc6 dxc6 5. O-O Qd6 6. Na3 Be6 7. Qe2 f6
8. c3 O-O-O 9. d4 Bg4 10. Rd1 Qe6 11. Nc2 Bd6 12. Ne3 Bh5 13. dxe5 fxe5 14.
Nf5 g6 15. Ng3 Nf6 16. b4 Rdf8 17. Nxh5 gxh5 18. Nh4 Qg4 19. Qxg4+ hxg4 20.
Re1 Kd7 21. Bg5 Ke6 22. Bxf6 Rxf6 23. Nf5 Ra8 24. h3 gxh3 25. g3 a5 26. a3
Rff8 27. Kh2 Ra6 28. Kxh3 Rfa8 29. Rac1 axb4 30. axb4 Ra3 31. Kg2 Rf8 32.
Rh1 Rf7 33. g4 b5 34. g5 Bf8 35. Rh3 c5 36. bxc5 Ra4 37. f3 Rc4 38. Rch1
Rxc3 39. Rxh7 b4 40. g6 Rf6 41. R1h6 Rc2+ 42. Kh3 Rc1 43. g7 Bxg7 44. Nxg7+
Ke7 45. Nf5+ Kd8 46. Rh8+ Kd7 47. c6+ Rfxc6 48. R6h7+ Ke6 49. Re8+ Kf6 50.
Rg7 1-0

[Event "Acropolis Open"]
[Site "Athens GRE"]
[Date "2006.08.20"]
[Round "8"]
[White "Atakisi,U"]
[Black "Sriram,J"]
[Result "0-1"]
[WhiteElo "2406"]
[BlackElo "2408"]
[EventDate "2006.08.13"]

1. e4 e5 2. Nf3 Nc6 3. Bb5 a6 4. Ba4 Nf6 5. O-O Be7 6. Re1 b5 7. Bb3 d6 8.
c3 O-O 9. h3 Nb8 10. d4 Nbd7 11. Nbd2 Bb7 12. Bc2 Re8 13. Nf1 Bf8 14. Ng3
g6 15. b3 c6 16. Bg5 h6 17. Be3 Bg7 18. Qd2 Kh7 19. Rad1 Qc7 20. c4 Rad8
21. d5 bxc4 22. bxc4 Nc5 23. Bxc5 dxc5 24. Ba4 Nd7 25. Rb1 Ba8 26. Nf1 Nb6
27. Qc2 Nxa4 28. Qxa4 cxd5 29. cxd5 f5 30. Ne3 fxe4 31. Qxe4 Rf8 32. Nh4
Qf7 33. Rb6 Qxf2+ 34. Kh2 Qf4+ 35. Qxf4 Rxf4 36. Rxg6 Rxh4 37. Rxg7+ Kxg7
38. Nf5+ Kf6 39. Nxh4 Bxd5 40. Rf1+ Ke6 41. Nf5 Bxa2 42. Ng7+ Ke7 43. Nf5+
Ke6 44. Ng7+ Kd7 45. Ra1 Bb3 46. Rxa6 c4 47. Nf5 c3 48. Ne3 c2 49. Nxc2
Bxc2 50. Rxh6 e4 51. Kg3 e3 52. Rh4 Rf8 53. Rd4+ Ke6 0-1

[Event "Acropolis Open"]
[Site "Athens GRE"]
[Date "2006.08.20"]
[Round "8"]
[White "Markidis,K"]
[Black "Vouldis,A"]
[Result "0-1"]
[WhiteElo "2370"]
[BlackElo "2521"]
[EventDate "2006.08.13"]

1. e4 c5 2. Nf3 g6 3. Bc4 Bg7 4. O-O d6 5. Re1 Nf6 6. c3 O-O 7. Bb3 Nc6 8.
d3 b5 9. Nbd2 b4 10. cxb4 Nxb4 11. Nc4 Bb7 12. a3 Nc6 13. Bg5 h6 14. Be3
Rb8 15. h3 Ba6 16. Ba4 Qc7 17. Nfd2 Nd7 18. Rb1 Nb6 19. Bb3 Nxc4 20. Bxc4
Bc8 21. Nf3 Kh7 22. Qc2 a5 23. Bd5 Ba6 24. d4 e6 25. Bxc6 Qxc6 26. dxc5
dxc5 27. Qxc5 Qa4 28. e5 Bb7 29. b3 Qd7 30. Qd4 Bd5 31. b4 Qb7 32. bxa5
Qxb1 33. Rxb1 Rxb1+ 34. Kh2 Ra8 35. Qf4 Kg8 36. Bb6 Rb5 37. Nd4 Rb2 38. Qe3
h5 39. Ne2 Rb3 40. Qg5 Rxa3 41. Nf4 Be4 42. Bd8 Ra2 43. Bf6 Bxf6 44. exf6
Kh7 45. Qe5 Bf5 46. Qc7 Kg8 47. g4 Be4 48. gxh5 Rxf2+ 49. Kg3 Rc2 50. Qe5
Bf5 51. hxg6 Rac8 52. Kh4 R2c4 53. Qd6 Bxg6 54. Kg5 Kh7 55. a6 R8c5+ 56.
Kg4 e5 57. a7 Rxf4+ 58. Kg5 Rf5+ 59. Kg4 Rc4+ 60. Kg3 Rg5+ 61. Kf2 Rc2+ 62.
Kf3 Ra2 63. Qb8 Ra3+ 64. Kf2 Be4 65. Kf1 Ra1+ 66. Kf2 Rg2+ 67. Ke3 0-1

[Event "Acropolis Open"]
[Site "Athens GRE"]
[Date "2006.08.20"]
[Round "8"]
[White "Hakki,I"]
[Black "Dagkakis,P"]
[Result "1-0"]
[WhiteElo "2447"]
[BlackElo "2267"]
[EventDate "2006.08.13"]

1. e4 e5 2. Nf3 Nc6 3. Bb5 Nge7 4. O-O a6 5. Ba4 d6 6. c3 Bd7 7. d4 Ng6 8.
Bb3 Be7 9. Na3 O-O 10. Nc4 Bf6 11. Ne3 Nf4 12. g3 Ng6 13. h4 Na5 14. Bc2 c5
15. dxc5 dxc5 16. Re1 Be6 17. Qe2 b5 18. Rd1 Qb6 19. Nd5 Bxd5 20. exd5 Rfe8
21. Ng5 Rad8 22. Nxh7 Ne7 23. Ng5 Bxg5 24. hxg5 g6 25. Be4 Nc4 26. a4 Nd6
27. axb5 axb5 28. Bg2 e4 29. Bf4 Ndf5 30. d6 Nxd6 31. Rxd6 Rxd6 32. Bxd6
Qxd6 33. Qxb5 Rb8 34. Qe2 Qd3 35. Re1 Qd6 36. Qxe4 Nf5 37. Qe5 Rxb2 38. g4
Qd2 39. Rf1 Ng7 40. Bd5 Qe2 41. Qxe2 Rxe2 42. c4 Ne6 43. f4 Nc7 44. Rd1 Ne6
45. Rf1 Nc7 46. Rf2 Re1+ 47. Rf1 Re2 48. Rd1 Ne6 49. Bxe6 Rxe6 50. Rd5 Re4
51. Rxc5 Rxf4 52. Kg2 Rxg4+ 53. Kf3 Rd4 54. Ke3 Rg4 55. Kd3 Kf8 56. Re5 f6
57. gxf6 Kf7 58. c5 Kxf6 59. c6 Kxe5 60. c7 Rg3+ 61. Kc2 Rg2+ 62. Kb3 Rg3+
63. Kb4 Rg4+ 64. Kb5 Kf4 65. c8=Q g5 66. Qf8+ Kg3 67. Qf5 Kh4 68. Qh7+ Kg3
69. Qh5 Kf4 70. Qh1 Kg3 71. Kc5 Rf4 72. Qg1+ Kh4 73. Qh2+ Kg4 74. Kd5 Rf5+
75. Ke4 Rf4+ 76. Ke3 Rf3+ 77. Ke2 Rf4 78. Qh6 Kf5 79. Qh7+ Kg4 80. Ke3 Rf6
81. Qh8 Rf4 82. Qh6 Kf5 83. Qh3+ Ke5 84. Qh7 Kf6 85. Qg8 Kf5 86. Qg7 Kg4
87. Qh7 Rf6 88. Ke4 Re6+ 89. Kd5 Rf6 90. Ke5 Rf4 91. Qh2 Rf5+ 92. Ke6 Rf4
93. Qg2+ Kh5 94. Qh3+ Kg6 95. Qd3+ Kh5 96. Qh7+ Kg4 97. Qh2 Rf8 98. Qe2+
Kh4 99. Qe1+ Kh5 100. Qh1+ Kg4 101. Ke7 Rf4 102. Qh6 Rf3 103. Qe6+ Kg3 104.
Qe1+ Kg4 105. Qg1+ Kf5 106. Kf7 g4 107. Kg7 Kg5 108. Qh1 Kf5 109. Qg2 Kg5
110. Qd2+ Kf5 111. Qd5+ Kf4 112. Qd6+ Kg5 113. Qh6+ Kf5 114. Qf6+ Ke4 115.
Qe6+ Kf4 116. Kg6 g3 117. Kh5 Re3 118. Qg4+ Ke5 119. Kg5 Kd5 120. Qd1+ Ke4
121. Kg4 Ke5 122. Qd2 Ke4 123. Qc2+ Ke5 124. Kh3 Kf4 125. Kg2 Ke5 126. Qc7+
Ke4 127. Qd6 Rd3 128. Qc5 Re3 129. Qc4+ Ke5 130. Kh3 Rf3 131. Qe2+ Kf4 132.
Qd2+ Re3 133. Kg2 Ke4 134. Qc2+ Kd4 135. Qa4+ Kd3 136. Qd7+ Ke4 137. Qg4+
Kd3 138. Qf4 Kd2 139. Qd4+ Ke2 140. Qd5 Rd3 141. Qa2+ Kd1 142. Qb1+ Kd2
143. Qb2+ Kd1 144. Kg1 Re3 145. Qd4+ Ke2 146. Kg2 Rd3 147. Qe4+ Kd2 148.
Kf1 Re3 149. Qd4+ Rd3 150. Qb2+ Ke3 151. Qb6+ Kd2 152. Qh6+ Kd1 153. Qf4
Kc2 154. Ke2 Rc3 155. Qe4+ Kc1 156. Qf4+ Kc2 157. Qb4 Rb3 158. Qc4+ Kb2
159. Kd2 g2 1-0

[Event "Acropolis Open"]
[Site "Athens GRE"]
[Date "2006.08.20"]
[Round "8"]
[White "Sandalakis,A"]
[Black "Kapnisis,S"]
[Result "1/2-1/2"]
[WhiteElo "2220"]
[BlackElo "2419"]
[EventDate "2006.08.13"]

1. Nf3 Nc6 2. d4 d5 3. e3 Bg4 4. Be2 e6 5. O-O Bd6 6. Nbd2 f5 7. c4 Nf6 8.
h3 Bh5 9. Ng5 Bxe2 10. Qxe2 Qd7 11. f4 O-O 12. Ngf3 Ne4 13. Nxe4 dxe4 14.
Nd2 1/2-1/2

[Event "Acropolis Open"]
[Site "Athens GRE"]
[Date "2006.08.20"]
[Round "8"]
[White "Shavtvaladze,N"]
[Black "Valden,P"]
[Result "1-0"]
[WhiteElo "2383"]
[BlackElo "2165"]
[EventDate "2006.08.13"]

1. e4 c5 2. Na3 Nc6 3. Bb5 g6 4. Nf3 Bg7 5. O-O Nf6 6. Re1 O-O 7. c3 d5 8.
e5 Ne8 9. h3 Nc7 10. Bxc6 bxc6 11. Qa4 f6 12. Qxc6 fxe5 13. Nxe5 Qd6 14.
Qxd6 exd6 15. Ng4 Ba6 16. b3 d4 17. c4 h5 18. Nh2 d3 19. Rb1 Rae8 20. Rxe8
Rxe8 21. Bb2 Bxb2 22. Rxb2 Re1+ 23. Nf1 d5 24. f3 Ne6 25. cxd5 Nf4 26. Nc4
Nxd5 27. Kf2 Re2+ 28. Kg3 g5 29. Nce3 Nxe3 30. Nxe3 Kg7 31. f4 Kg6 32. fxg5
Kxg5 33. h4+ Kf6 34. Nd5+ Kf5 35. Nf4 Re4 36. Nxh5 Rg4+ 37. Kh3 Bb7 38.
Ng3+ Kf4 39. Nh5+ Kf5 40. g3 Re4 41. Rb1 Re2 42. g4+ Ke5 43. Rd1 Rf2 44.
Rg1 Rxd2 45. g5 Rg2 46. Rf1 Re2 47. Nf4 Bc8+ 48. Kg3 Re3+ 49. Rf3 Rxf3+ 50.
Kxf3 d2 51. Nd3+ Kd4 52. Nf2 Kc3 53. h5 Bf5 54. Kf4 Bc2 55. g6 Kd4 56. g7
Bh7 57. Kg5 Ke3 58. Nd1+ Ke2 59. Nb2 d1=Q 60. Nxd1 Kxd1 61. Kh6 Bg8 62. Kg6
c4 63. bxc4 Bxc4 64. h6 Bxa2 65. h7 1-0

[Event "Acropolis Open"]
[Site "Athens GRE"]
[Date "2006.08.20"]
[Round "8"]
[White "Botsari,A"]
[Black "Alexakis,D"]
[Result "1/2-1/2"]
[WhiteElo "2372"]
[BlackElo "2201"]
[EventDate "2006.08.13"]

1. d4 Nf6 2. c4 e6 3. Nc3 c5 4. d5 exd5 5. cxd5 d6 6. e4 g6 7. f3 a6 8. a4
Bg7 9. Bg5 Nbd7 10. Nh3 O-O 11. Qd2 Re8 12. Nf2 Qc7 13. Be2 Rb8 14. O-O b6
15. Ra3 c4 16. Rc1 b5 17. axb5 axb5 18. b4 Nf8 19. Rca1 Bd7 20. Be3 Nh5 21.
g4 Nf6 22. Ra6 Rec8 23. Bd4 Ne8 24. Bxg7 Kxg7 25. Qd4+ Kg8 26. f4 Qd8 27.
g5 h5 28. h4 Ra8 29. Ra7 Rxa7 30. Rxa7 Ra8 31. Bf3 Qb8 32. Rxa8 Qxa8 33. e5
Qa1+ 34. Kg2 Qb2 35. Nxb5 Qxb4 36. Nxd6 Nxd6 37. exd6 Bf5 38. Be2 Qxd6 39.
Qxc4 Nd7 40. Bf3 Nc5 41. Kg3 Qb6 42. Qe2 Qd6 43. Qe8+ Qf8 44. Qc6 Qe7 45.
Qb5 Nb7 46. Kg2 Nd6 47. Qc5 Qd7 48. Qc3 Qa7 49. Qb4 Qc7 50. Qd2 Qc5 51. Qb2
Nc4 52. Qb7 Kg7 53. Kg3 Nd6 54. Qb2+ Kg8 55. Qe2 Bc2 56. Kh3 Qc8+ 57. Kh2
Qc3 58. Bg2 Bf5 59. Nh1 Bg4 60. Qf2 Nf5 61. Ng3 Nxg3 62. Qxg3 Qd2 63. Kg1
Qd1+ 64. Kh2 Qd2 1/2-1/2

[Event "Acropolis Open"]
[Site "Athens GRE"]
[Date "2006.08.20"]
[Round "8"]
[White "Kalesis,N"]
[Black "Dounis,A"]
[Result "1-0"]
[WhiteElo "2435"]
[BlackElo "2152"]
[EventDate "2006.08.13"]

1. d4 Nf6 2. c4 g6 3. Nc3 d5 4. Nf3 Bg7 5. Bg5 dxc4 6. e4 c5 7. d5 b5 8. e5
b4 9. exf6 exf6 10. Bd2 bxc3 11. Bxc3 O-O 12. Bxc4 Re8+ 13. Kf1 Qd6 14. Qa4
Nd7 15. Qc6 Qxc6 16. dxc6 Nb8 17. Bb5 Re6 18. Re1 a6 19. Ba4 a5 20. Rxe6
Bxe6 21. Ke2 Bc4+ 22. Ke3 Ra7 23. Kf4 Bd5 24. Rd1 Bh6+ 25. Kg3 Bxc6 26.
Rd8+ Bf8 27. Rxb8 Bxa4 28. Bxf6 Bc6 29. Ne5 Ra8 30. Nxc6 Rxb8 31. Nxb8 Bd6+
32. Kf3 Bxb8 33. a4 Kf8 34. h3 Ke8 35. Ke4 Kd7 36. Kd5 Ba7 37. f3 Bb6 38.
b3 Kc7 39. Be7 c4 40. bxc4 Be3 41. c5 Bd2 42. Bd6+ 1-0

[Event "Acropolis Open"]
[Site "Athens GRE"]
[Date "2006.08.20"]
[Round "8"]
[White "Yagiz,Y"]
[Black "Gamback,B"]
[Result "0-1"]
[WhiteElo "2343"]
[BlackElo "2179"]
[EventDate "2006.08.13"]

1. Nf3 e6 2. c4 c5 3. g3 b6 4. Bg2 Bb7 5. O-O Nf6 6. Nc3 a6 7. d4 cxd4 8.
Qxd4 Bc5 9. Qd3 Be7 10. Rd1 d6 11. Bg5 Nbd7 12. Bf4 e5 13. Nxe5 dxe5 14.
Bxb7 Ra7 15. Bc6 exf4 16. Nd5 O-O 17. Qf5 g6 18. Qh3 Bd6 19. Qh4 Nxd5 20.
Rxd5 Nf6 21. Rd3 Rc7 22. Ba4 Qe7 23. Rad1 Be5 24. gxf4 Rxc4 25. Rd7 Qc5 26.
Rxf7 Rxf7 27. Qh6 Rc1 28. fxe5 Rxd1+ 29. Bxd1 0-1

[Event "Acropolis Open"]
[Site "Athens GRE"]
[Date "2006.08.20"]
[Round "8"]
[White "Stefanopoulos,O"]
[Black "Sarandos,V"]
[Result "1-0"]
[WhiteElo "2246"]
[BlackElo "2278"]
[EventDate "2006.08.13"]

1. e4 e6 2. d3 d5 3. Nd2 c5 4. Ngf3 Nc6 5. g3 Nf6 6. Bg2 Be7 7. O-O Qc7 8.
Re1 b6 9. c3 Bb7 10. a3 a5 11. e5 Nd7 12. Qe2 g5 13. h3 h5 14. Nf1 g4 15.
hxg4 hxg4 16. N3h2 Qxe5 17. Qd1 Qf5 18. Nxg4 Nde5 19. Nxe5 Nxe5 20. d4 Nd3
21. Re2 Nxc1 22. Rxc1 Ba6 23. Re5 Qd3 24. Qe1 Kf8 25. Re3 Qh7 26. f4 Bf6
27. Qd2 Rc8 28. dxc5 bxc5 29. Ree1 Qg7 30. Qf2 d4 31. f5 dxc3 32. bxc3 Bxc3
33. fxe6 Bd4 34. e7+ Ke8 35. Ne3 Qh6 36. Bd5 f6 37. Rcd1 Bc4 38. Rxd4 cxd4
39. Nxc4 Rxc4 40. Qb2 Qh2+ 41. Qxh2 1-0

[Event "Acropolis Open"]
[Site "Athens GRE"]
[Date "2006.08.20"]
[Round "8"]
[White "Kokolias,K"]
[Black "Pountzas,H"]
[Result "1/2-1/2"]
[WhiteElo "2188"]
[BlackElo "2262"]
[EventDate "2006.08.13"]

1. Nc3 c5 2. Nf3 Nf6 3. d4 cxd4 4. Nxd4 d5 5. Bf4 a6 6. g3 Nbd7 7. Nf3 e6
8. Bg2 Be7 9. O-O O-O 10. Ne5 Nc5 11. Nd3 Bd7 12. Nxc5 Bxc5 13. e4 dxe4 14.
Nxe4 Nxe4 15. Bxe4 Bc6 16. Bxc6 bxc6 17. Qxd8 Rfxd8 18. Rfd1 Kf8 19. Bc7
Rd5 20. c4 Rxd1+ 21. Rxd1 Ke7 22. Kf1 Ra7 23. Ba5 Rd7 24. Rxd7+ Kxd7 25.
Bc3 g6 26. b4 Be7 27. g4 e5 28. f3 f5 29. Ke2 Ke6 30. h3 h5 31. a4 hxg4 32.
hxg4 Bd6 1/2-1/2

[Event "Acropolis Open"]
[Site "Athens GRE"]
[Date "2006.08.20"]
[Round "8"]
[White "Hadzimanolis,A"]
[Black "Grigoriadis,A"]
[Result "1/2-1/2"]
[WhiteElo "2333"]
[BlackElo "2214"]
[EventDate "2006.08.13"]

1. e4 c5 2. c3 d5 3. exd5 Qxd5 4. d4 e6 5. Nf3 Nf6 6. Bd3 cxd4 7. cxd4 Bb4+
8. Nc3 O-O 9. O-O Qh5 10. Bg5 Nbd7 11. Ne2 Bd6 12. Nf4 Bxf4 13. Bxf4 b6 14.
Bd6 Re8 15. Ne5 Qxd1 16. Rfxd1 a6 17. Rac1 Nd5 18. Rxc8 Rexc8 19. Nxd7 Rd8
20. Nxb6 Nxb6 21. Bc7 Na4 22. Bxd8 Nxb2 23. Bxh7+ Kxh7 24. Rb1 Rxd8 1/2-1/2

[Event "Acropolis Open"]
[Site "Athens GRE"]
[Date "2006.08.20"]
[Round "8"]
[White "Tassopoulos,M"]
[Black "Logothetis,S"]
[Result "1/2-1/2"]
[WhiteElo "2270"]
[BlackElo "2321"]
[EventDate "2006.08.13"]

1. d4 d5 2. c4 c6 3. cxd5 cxd5 4. Nc3 Nf6 5. Nf3 Nc6 6. Bf4 Bf5 7. e3 e6 8.
Bd3 Bxd3 9. Qxd3 Bd6 10. Bxd6 Qxd6 11. O-O O-O 12. Rac1 Rac8 13. Na4 Ne4
1/2-1/2

[Event "Acropolis Open"]
[Site "Athens GRE"]
[Date "2006.08.20"]
[Round "8"]
[White "Simeonidis,I"]
[Black "Petritaj,Fo"]
[Result "0-1"]
[WhiteElo "2299"]
[BlackElo "2210"]
[EventDate "2006.08.13"]

1. e4 e6 2. d4 d5 3. Nd2 c5 4. Ngf3 Nc6 5. exd5 exd5 6. Bb5 a6 7. Bxc6+
bxc6 8. O-O Bd6 9. c4 Ne7 10. cxd5 cxd5 11. dxc5 Bxc5 12. Nb3 Bd6 13. Bg5
O-O 14. Re1 h6 15. Bh4 Bg4 16. Qd3 Re8 17. Nfd4 Qd7 18. Bg3 a5 19. Qb5 Bxg3
20. hxg3 Kf8 21. Qxd7 Bxd7 22. Nc5 Red8 23. Re5 Be8 24. Rae1 Nc6 25. Nxc6
Bxc6 26. Nb3 g6 27. Nd4 Be8 28. g4 Rab8 29. R1e2 Rb4 30. Rd2 a4 31. f3 Rd6
32. Kf2 Bd7 33. Ke1 Bc8 34. Kd1 Ba6 35. Kc1 Bc4 36. Kb1 Rb7 37. Re3 Ra6 38.
Rd1 Kg7 39. Rc1 Rab6 40. Rc2 Kf6 41. f4 Rb8 42. Rd2 R8b7 43. g3 Kg7 44. Nf3
Kf6 45. Nd4 Kg7 46. Re8 Ra7 47. Re3 Rab7 48. Rc3 Re7 49. b3 Re4 50. Kb2 Bf1
51. Nc2 Bh3 52. Rxd5 axb3 53. Rxb3 Ra6 54. Ne3 h5 55. Rd7 Bxg4 56. f5 gxf5
57. Rbb7 Rxe3 58. Rxf7+ Kh6 59. Rh7+ Kg5 60. Rhg7+ Rg6 0-1

[Event "Acropolis Open"]
[Site "Athens GRE"]
[Date "2006.08.20"]
[Round "8"]
[White "Himaras,S"]
[Black "Ignatiadis,K"]
[Result "1/2-1/2"]
[WhiteElo "2193"]
[BlackElo "2248"]
[EventDate "2006.08.13"]

1. d4 c5 2. d5 f5 3. c4 g6 4. Nc3 Bg7 5. Nf3 d6 6. g3 Nf6 7. Bg2 O-O 8. O-O
Na6 9. Ne1 Nc7 10. a4 Rb8 11. Nd3 Bd7 12. e4 fxe4 13. Nxe4 Nxe4 14. Bxe4 b6
15. Nf4 a6 16. Ra2 b5 17. axb5 axb5 18. b3 Ra8 19. Rxa8 Qxa8 20. Qe2 bxc4
21. bxc4 Qe8 22. h4 Qf7 23. Kg2 Bd4 24. Be3 Bxe3 25. Qxe3 1/2-1/2

[Event "Acropolis Open"]
[Site "Athens GRE"]
[Date "2006.08.20"]
[Round "8"]
[White "Kakadelis,S"]
[Black "Parginos,V"]
[Result "1/2-1/2"]
[WhiteElo "2157"]
[BlackElo "2177"]
[EventDate "2006.08.13"]

1. d4 d5 2. c4 e6 3. Nc3 c5 4. cxd5 cxd4 5. Qa4+ Bd7 6. Qxd4 exd5 7. Nf3
Nc6 8. Qxd5 Nf6 9. Qd1 Bc5 10. e3 Qe7 11. Be2 O-O-O 12. O-O g5 13. Nd4 h5
14. a3 Ng4 15. b4 Bd6 16. h3 Nf6 17. Qc2 Nxd4 18. exd4 Kb8 19. Bxg5 Rdg8
20. h4 Rxg5 21. hxg5 Ng4 22. Ne4 Rc8 23. Qd3 Bf5 24. Bf3 Re8 25. Rae1 Bh2+
26. Kh1 Bf4 27. Qb5 Bd7 28. Qc5 Qe6 29. d5 Qf5 30. Nd6 Rxe1 31. Rxe1 Nxf2+
32. Kg1 Nh3+ 33. Kf1 Qd3+ 34. Be2 Qg3 35. Ne4 Qh2 36. Bf3 Bb5+ 37. Qxb5
Qg1+ 38. Ke2 Qe3+ 39. Kd1 Qc1+ 1/2-1/2

[Event "Acropolis Open"]
[Site "Athens GRE"]
[Date "2006.08.21"]
[Round "9"]
[White "Solak,D"]
[Black "Papadopoulos,I"]
[Result "1-0"]
[WhiteElo "2564"]
[BlackElo "2285"]
[EventDate "2006.08.13"]

1. c4 Nf6 2. Nc3 e5 3. g3 d5 4. cxd5 Nxd5 5. Bg2 Nb6 6. d3 Be7 7. a4 a5 8.
Nf3 Nc6 9. Be3 O-O 10. O-O Bg4 11. Nd2 Qd7 12. Bxb6 cxb6 13. Nc4 Qe6 14.
Bd5 Qf5 15. Nxb6 Rad8 16. Nc4 Nd4 17. Ne3 Qh5 18. Nxg4 Qxg4 19. e3 Qxd1 20.
Rfxd1 Nc2 21. Rac1 Nb4 22. Bc4 Bc5 23. Kf1 g6 24. Ke2 Kg7 25. Ne4 Bb6 26.
Bb3 Rfe8 27. g4 h6 28. h4 Re7 29. h5 Red7 30. Bc4 Rc7 31. Rh1 Rcd7 32. Rcd1
Rc7 33. Rdg1 g5 34. Rc1 Rcd7 35. Rc3 Nd5 36. Bxd5 Rxd5 37. Rb3 Bc5 38. Rxb7
Bb4 39. Rc1 1-0

[Event "Acropolis Open"]
[Site "Athens GRE"]
[Date "2006.08.21"]
[Round "9"]
[White "Al Modiahki,M"]
[Black "Shavtvaladze,N"]
[Result "1-0"]
[WhiteElo "2564"]
[BlackElo "2383"]
[EventDate "2006.08.13"]

1. e4 e6 2. d4 d5 3. Nd2 dxe4 4. Nxe4 Nd7 5. Nf3 Ngf6 6. Nxf6+ Nxf6 7. c3
c5 8. Ne5 a6 9. Be3 Nd5 10. dxc5 Be7 11. Bd4 O-O 12. Bd3 Nf4 13. Be4 f6 14.
Nc4 e5 15. Be3 f5 16. Bxf4 exf4 17. Bd5+ Kh8 18. Qf3 Bxc5 19. O-O-O Qc7 20.
Rhe1 Bd7 21. Ne5 Be8 22. Qxf4 Bd6 23. Bb3 Bxe5 24. Qxe5 Qb6 25. Qd6 Bc6 26.
f3 a5 27. Re7 Rfe8 28. Qd4 Qxd4 29. Rxe8+ Rxe8 30. Rxd4 h6 31. Kd2 Re5 32.
Rd8+ Kh7 33. f4 Rb5 34. g3 a4 35. Bg8+ Kg6 36. Kc1 Kf6 37. Rf8+ Kg6 38.
Bf7+ Kh7 39. Bg8+ Kg6 40. h4 Kh5 41. Bc4 Rc5 42. Be2+ Kg6 43. h5+ Kh7 44.
Kd2 Be4 45. Ra8 Bc6 46. Bd3 g6 47. Ke3 Rd5 48. c4 Rd7 49. hxg6+ Kxg6 50.
Ra5 Re7+ 51. Re5 Rf7 52. Rxf5 Rxf5 53. g4 Bd7 54. b4 axb3 55. axb3 h5 56.
gxf5+ Bxf5 57. Bf1 b6 58. b4 h4 59. Bg2 Bc8 60. b5 Kf6 61. c5 bxc5 62. b6
c4 63. b7 Bxb7 64. Bxb7 h3 65. Be4 c3 66. Kf2 Ke6 1-0

[Event "Acropolis Open"]
[Site "Athens GRE"]
[Date "2006.08.21"]
[Round "9"]
[White "Georgiadis,I"]
[Black "Romanishin,O"]
[Result "0-1"]
[WhiteElo "2312"]
[BlackElo "2555"]
[EventDate "2006.08.13"]

1. e4 e5 2. Nf3 Nc6 3. Bb5 a6 4. Bxc6 dxc6 5. O-O Qd6 6. Na3 Qe6 7. d4 exd4
8. Qxd4 Qd6 9. Qc3 f6 10. Nc4 Qb4 11. Bf4 Be6 12. Qxb4 Bxb4 13. Ne3 O-O-O
14. Rfd1 Rxd1+ 15. Rxd1 Ne7 16. Nd4 Bf7 17. a3 Bc5 18. Ndf5 Nxf5 19. Nxf5
Re8 20. Ng3 a5 21. Rd3 Bc4 22. Rd2 b5 23. Be3 Bf8 24. f3 c5 25. Kf2 b4 26.
Ne2 Bf7 27. Rd1 a4 28. Ra1 b3 29. c3 Rd8 30. Ke1 Bc4 31. Rd1 Re8 32. Kf2
Kb7 33. Nf4 Kc6 34. g4 Bd6 35. h4 g6 36. Ne2 f5 37. g5 fxe4 38. f4 Rf8 39.
Rf1 Be6 40. Ke1 Bg4 41. Ng1 Kb5 0-1

[Event "Acropolis Open"]
[Site "Athens GRE"]
[Date "2006.08.21"]
[Round "9"]
[White "Vouldis,A"]
[Black "Hakki,I"]
[Result "0-1"]
[WhiteElo "2521"]
[BlackElo "2447"]
[EventDate "2006.08.13"]

1. d4 Nf6 2. c4 e6 3. Nc3 Bb4 4. e3 O-O 5. Bd3 d5 6. Nf3 c5 7. O-O Nc6 8.
a3 Bxc3 9. bxc3 Qc7 10. cxd5 exd5 11. Nh4 Ne7 12. a4 b6 13. Qe1 Ng4 14. g3
Nf6 15. f3 Bh3 16. Ng2 Rad8 17. Ra2 Qc6 18. a5 Bf5 19. Be2 h5 20. Qd1 Rfe8
21. Qb3 c4 22. Qd1 Qc7 23. axb6 axb6 24. Nf4 Bh7 25. Re1 b5 26. Ra6 Rd6 27.
Ra2 Rdd8 28. Bf1 Nc6 29. Bd2 Rb8 30. Rb2 Qd6 31. Qa1 Ra8 32. Qc1 Rab8 33.
Nh3 Qd7 34. Ng5 Bg6 35. Bg2 Na5 36. Qd1 Nb3 37. e4 dxe4 38. fxe4 Rbd8 39.
Rxb3 cxb3 40. Qxb3 h4 41. e5 Nd5 42. e6 fxe6 43. Nf3 Qd6 44. Nxh4 Bd3 45.
Nf3 Rb8 46. Re5 b4 47. cxb4 Qa6 48. Re1 Qc4 49. Qxc4 Bxc4 50. Ne5 Bb5 51.
Rc1 Ra8 52. Re1 Ra2 53. Nf3 Rb2 54. Bh3 Bd7 55. Ne5 Bc8 56. Nc4 Rc2 57. Nd6
Rd8 58. Nxc8 Rxd2 59. Bxe6+ Kh7 60. Re4 g6 61. b5 Nc3 62. Rh4+ Kg7 63. b6
Ne2+ 64. Kf1 Nxd4 65. Bh3 Rb2 66. Rf4 Nf5 0-1

[Event "Acropolis Open"]
[Site "Athens GRE"]
[Date "2006.08.21"]
[Round "9"]
[White "Gamback,B"]
[Black "Atakisi,U"]
[Result "0-1"]
[WhiteElo "2179"]
[BlackElo "2406"]
[EventDate "2006.08.13"]

1. e4 c5 2. Nf3 Nc6 3. c3 Nf6 4. e5 Nd5 5. d4 cxd4 6. Bc4 Nb6 7. Bb3 d5 8.
exd6 Qxd6 9. O-O Be6 10. Bxe6 Qxe6 11. Nxd4 Qd7 12. Nxc6 Qxc6 13. Be3 Nc4
14. Qe2 Nxe3 15. Qxe3 e6 16. Nd2 Be7 17. Ne4 O-O 18. Rad1 h6 19. Rfe1 Rfd8
20. Qe2 b5 21. h3 a5 22. Rd2 b4 23. Red1 Rxd2 24. Rxd2 Rc8 25. Rd3 Kh7 26.
Ng3 Qb5 27. Qd2 Bg5 28. Qc2 f5 29. b3 Qc6 30. c4 a4 31. Qd1 axb3 32. axb3
Be7 33. Ne2 Bc5 34. Rd7 Ra8 35. Nf4 e5 36. Nh5 Bf8 37. Rd5 Qe6 38. Qe1 Re8
39. Ng3 Qf6 40. Qb1 g6 41. Rd7+ Bg7 42. Qa1 Kh8 43. Qa4 Qe6 44. Qa7 Bf8 45.
Qb7 e4 46. Ne2 e3 47. f3 Kg8 48. Kf1 Qe5 49. Qd5+ Qxd5 50. Rxd5 Ra8 51. Rd1
Ra2 52. Rb1 g5 53. g3 Kf7 54. f4 gxf4 55. gxf4 Bg7 56. Ke1 Ke6 57. Kf1 Bf6
58. Ke1 Rd2 59. Kf1 Kd6 60. Ke1 Kc5 61. Kf1 Bh8 62. Ke1 Bg7 63. Rd1 Rb2 64.
Rd5+ Kc6 65. Kf1 Rxb3 66. Kg2 Rb1 67. Kf3 b3 68. Rxf5 b2 69. Rb5 Rf1+ 70.
Kxe3 b1=Q 71. Rxb1 Rxb1 0-1